The law-in-between: The effects of organizational perviousness on the policing of hate crime

Guardado en:  
Detalles Bibliográficos
Autores principales: Jenness, Valerie 1963- (Autor) ; Grattet, Ryken (Autor)
Tipo de documento: Electrónico Artículo
Lenguaje:Inglés
Publicado: 2005
En: Social problems
Año: 2005, Volumen: 52, Número: 3, Páginas: 337-359
Acceso en línea: Volltext (lizenzpflichtig)
Verificar disponibilidad: HBZ Gateway

MARC

LEADER 00000caa a22000002c 4500
001 1912607166
003 DE-627
005 20250124055006.0
007 cr uuu---uuuuu
008 241217s2005 xx |||||o 00| ||eng c
024 7 |a 10.1525/sp.2005.52.3.337  |2 doi 
035 |a (DE-627)1912607166 
035 |a (DE-599)KXP1912607166 
040 |a DE-627  |b ger  |c DE-627  |e rda 
041 |a eng 
084 |a 2,1  |2 ssgn 
100 1 |a Jenness, Valerie  |d 1963-  |e VerfasserIn  |0 (DE-588)101174516X  |0 (DE-627)704800667  |0 (DE-576)169419673  |4 aut 
109 |a Jenness, Valerie 1963- 
245 1 4 |a The law-in-between: The effects of organizational perviousness on the policing of hate crime 
264 1 |c 2005 
336 |a Text  |b txt  |2 rdacontent 
337 |a Computermedien  |b c  |2 rdamedia 
338 |a Online-Ressource  |b cr  |2 rdacarrier 
700 1 |a Grattet, Ryken  |e VerfasserIn  |4 aut 
773 0 8 |i Enthalten in  |t Social problems  |d Oxford : Oxford University Press, 1953  |g 52(2005), 3, Seite 337-359  |h Online-Ressource  |w (DE-627)32997212X  |w (DE-600)2048204-8  |w (DE-576)094480826  |x 1533-8533  |7 nnas 
773 1 8 |g volume:52  |g year:2005  |g number:3  |g pages:337-359 
787 0 8 |i Forschungsdaten  |a United States Department of Justice. Office of Justice Programs. Bureau of Justice Statistics  |t Law Enforcement Management and Administrative Statistics (LEMAS): 1997 Sample Survey of Law Enforcement Agencies  |d [Erscheinungsort nicht ermittelbar] : [Verlag nicht ermittelbar], 1999  |w (DE-627)1840055472 
856 4 0 |u https://doi.org/10.1525/sp.2005.52.3.337  |x Resolving-System  |z lizenzpflichtig  |3 Volltext  |7 1 
935 |a mkri 
951 |a AR 
ELC |a 1 
LOK |0 000 xxxxxcx a22 zn 4500 
LOK |0 001 4637572681 
LOK |0 003 DE-627 
LOK |0 004 1912607166 
LOK |0 005 20241217044642 
LOK |0 008 241217||||||||||||||||ger||||||| 
LOK |0 035   |a (DE-2619)ICPSR106530 
LOK |0 040   |a DE-2619  |c DE-627  |d DE-2619 
LOK |0 092   |o n 
LOK |0 852   |a DE-2619 
LOK |0 852 1  |9 00 
LOK |0 935   |a nacp 
LOK |0 939   |a 17-12-24  |b l01 
ORI |a SA-MARC-krimdoka001.raw